Stochastic processes, optimization, and control theoty : applications in financial engineering, queueing networks and manufacturing systems : a volume in honor of Suresh Sethi
Αποθηκεύτηκε σε:
| Άλλοι συγγραφείς: | , , |
|---|---|
| Μορφή: | Βιβλίο |
| Γλώσσα: | English |
| Δημοσίευση: |
New York :
Springer,
c2006.
|
| Σειρά: | International series in operations research & management science ;
94 |
| Θέματα: | |
| Ετικέτες: |
Προσθήκη ετικέτας
Δεν υπάρχουν, Καταχωρήστε ετικέτα πρώτοι!
|
MARC
| LEADER | 00000cam a2200000 i 4500 | ||
|---|---|---|---|
| 001 | 1/52233 | ||
| 008 | 070823s2006 nyu ||| | eng|| | ||
| 020 | |a 9780387337708 | ||
| 020 | |a 0387337709 | ||
| 035 | |l 10089947 | ||
| 040 | |a GR-MyUA |b gre |e AACR2 | ||
| 041 | 0 | |a eng | |
| 082 | 0 | |a 519.2 |2 (22) | |
| 245 | 1 | 0 | |a Stochastic processes, optimization, and control theoty : |b applications in financial engineering, queueing networks and manufacturing systems : a volume in honor of Suresh Sethi / |c Houmin Yan, George Yin, and Qing Zhang, editors. |
| 260 | |a New York : |b Springer, |c c2006. | ||
| 300 | |a xivi, 360 σ. : |b εικ. ; |c 24 εκ. | ||
| 490 | 1 | |a (International series in operations research & management science |v ; 94) | |
| 504 | |a Περιλαμβάνει βιβλιογραφικές παραπομπές και ευρετήριο. | ||
| 650 | 0 | 0 | |a Stochastic systems. |
| 650 | 0 | 0 | |a Production control |x Mathematical models. |
| 700 | 1 | |a Yan, Houmin, |e edt | |
| 700 | 1 | |a Yin, George, |d 1954- |e edt | |
| 700 | 1 | |a Zhang, Qing |d 1959- |e edt | |
| 700 | 1 | |a Sethi, Suresh P. |e hnr | |
| 830 | 0 | |a International series in operations research & management science ; |v 94 | |
| 852 | |a INST |b SAMOS |e 20070823 |h 519.2 STO |p 005300028492 |q 005300028492 |t BK |y 0 | ||
| 901 | |a BIBL3-2007-2 | ||
| 909 | |a Σ |b 137072 | ||
| 922 | |a 3ΕΛΗ |b 200707 |c ΕΠΕΑΕΚ2/ΤΜΗΜΑ ΜΑΘΗΜΑΤΙΚΩΝ |d ΠΑΠΑΣΩΤΗΡΙΟΥ | ||
| 970 | |a ΣΙΤΖΙΜΗ |b ΓΙΑΣΕΜΗ |z 2007/08/23 | ||